| 000 | 00493nam a2200169 a 4500 | ||
|---|---|---|---|
| 001 | 000013667 | ||
| 005 | 20200929163314.0 | ||
| 008 | 091127s1995 dr 001 0 spa d | ||
| 040 |
_aDO-SdBNP _bspa _cBNPHU |
||
| 082 |
_axxx _bH565c |
||
| 100 | 1 |
_aHerrera V. , Hipólito S. _931101 |
|
| 245 | 1 | 3 |
_aLa claúsula penal : _bbreviarios 2 / _cHipólito S. Herrera V. |
| 260 |
_aSanto Domingo : _bCAPELDOM, _c1995. |
||
| 300 |
_a57 p. ; _c22 cm. |
||
| 710 | 2 |
_aCapel Dominicana _931102 |
|
| 049 | _aBNPD | ||
| 999 |
_c13281 _d13281 |
||